| 000 | 00598mam a2200181 a 4500 | ||
|---|---|---|---|
| 082 |
_a515.223 _bCOH _cL-2, P-80 |
||
| 100 | 1 |
_aCohn, Harvey. _939243 |
|
| 245 | 1 | 0 |
_aConformal mapping on Riemann surfaces / _cHarvey Cohn. |
| 260 |
_aNew York : _bMcgraw-Hill Book Company. _c1980, c1967. |
||
| 300 |
_axiv, 325 p. : _bill. ; _c21 cm. |
||
| 500 | _aIncludes index. | ||
| 526 |
_a0 _b0 _c0 _d515_223000000000000_COH |
||
| 650 | 0 |
_aConformal mapping. _939244 |
|
| 650 | 0 |
_aRiemann surfaces. _939245 |
|
| 650 | 7 |
_aApplications conformes. _939246 |
|
| 650 | 7 |
_aRiemann, surfaces de. _939247 |
|
| 942 |
_2ddc _cBK |
||
| 999 |
_c543760 _d543760 |
||